| 000 | 00437pab a2200169 454500 | ||
|---|---|---|---|
| 008 | 180718b1990 xxu||||| |||| 00| 0 eng d | ||
| 100 | _aChattopadhyay, Manabendu | ||
| 245 | _aDisparities in income and level of living | ||
| 260 | _c1990 | ||
| 300 | _a789-90 | ||
| 362 | _a14 Apr. | ||
| 650 | _aStandard of Living | ||
| 700 | _aAshok Rudre | ||
| 700 | _aRobin Mukherjee | ||
| 773 | _aEconomic and Political Weekly | ||
| 909 | _a18907 | ||
| 999 |
_c18907 _d18907 |
||